000 01072nam a2200253 a 4500
001 BRCA_8847
005 20190320210432.0
008 120517s1780----sp-#######---#000-0#spa-#
041 _aspa
044 _asp
084 _aBE229
_b.J43 1780
100 1 _aJeann-Marie
_cLe prince de Beaumont
_921966
245 1 0 _aBiblioteca completa de educación o instrucciones para las señoras jóvenes
_ben la edad de entrar ya en la sociedad y poderse casar
_cobra escrito en francés por Madama Le Prince de Beaumont, y traducida al castellano por Don Joseph de la Fresa.
260 _aEn Madrid
_bEn la imprenta de D. Manuel Martin
_c1780
300 _a344 p. (t.6)
_c15.5 x 10.2 cm.
500 _aCon las licencias necesarias
500 _aEstado físico: presenta encuadernación en pergamino con presencia del pez de plata y lomo semi desprendido
650 1 4 _aMujer
_xEducación
_921967
650 1 4 _aEducación
_yObras anteriores a 1800
_921679
700 1 _aFresa, Joseph de la
_etr.
_922037
700 1 _aManuel Martin
_eImpresor
_922038
902 _aCFM
942 _2lcc
_cB
999 _c8498
_d8498